000 00368 a2200169 4500
001 69450
020 _a8516035433
040 _cAnchieta - Itaigara
100 _aCarrasco, Walcyr
240 1 0 _aO menino narigudo
_lpor
245 1 0 _aO menino narigudo
300 _a80
362 0 _a2005
440 1 _aModerna
650 4 _aLiteratura infanto-juvenil
942 _cBK
999 _c69450
_d69450